Responses for show #8342 - Tuesday, February 23, 2021

Contestants

[<< previous game]

Frances Kriegh, an assistant controller from Pacifica, California

Aaron Craig, a business litigation attorney originally from Toronto, Ontario, Canada

Sam Stapleton, a college consultant from Los Gatos, California (whose 2-day cash winnings total $50,301)

[next game >>]

Jeopardy! Round responses

ROMAN TIMES
AIRLINES IN OTHER WORDS
TV SHOW QUOTES
4 LETTERS, 3 SYLLABLES
THE LEGEND OF BAGGY PANTS
SWORDS
    $200 26
10%

Frances
    $200 16
Delta

Triple Stumper
    $200 2
Glee

Aaron
    $200 3
the area

Aaron
    $200 11
cargo

Sam
    $200 21
Arthur

Aaron
    $400 27
Jupiter

Aaron
    $400 17
(Mike: You could see you doing the math in your head.)

KLM

Aaron
    $400 7
Breaking Bad

Aaron
    $400 4
Oreo

Aaron
    $400 12
knickers

Aaron
    $400 22
(Sam: What is the sword of [*]?)

Gryffindor

Sam
    $600 28
Nero

Sam
    $600 18
JetBlue

Frances
    $600 1
(The) Blacklist

Frances
    $600 5
Oahu

Aaron
    $600 13
Bobby Jones

Aaron
    $600 23
Elric

Triple Stumper
    $800 29
baths

Triple Stumper
    $2,000 19
Southwest

Frances
    $800 8
black-ish

Frances
    $800 6
idea

Frances
    $800 14
parachute pants

Frances
    $800 24
Grendel

Sam
    $1000 30
September

Triple Stumper
    $1000 20
Frontier Airlines

Triple Stumper
    $1000 9
Silicon Valley

Aaron
    $1000 10
iota

Sam
    $1000 15
jodhpurs

Sam
    $1000 25
Gandalf

Triple Stumper

Scores at the first commercial break (after clue 15):

Sam Aaron Frances
$2,200 $3,800 $3,000

Scores at the end of the Jeopardy! Round:

Sam Aaron Frances
$4,000 $4,800 $5,800

Double Jeopardy! Round responses

GUITAR GODDESSES
AFRICAN COUNTRIES
MUSEUM MUST-SEES
DUNCAN
PHYSICS
"S" WORDS
    $400 13
Joan Jett

Aaron
    $400 5
Kenya

Sam
    $400 6
Catherine the Great

Aaron
    $400 18
Macbeth

Aaron
    $400 25
cobalt

Aaron
    $400 7
a scepter

Frances
    $800 14
slide

Sam
    $800 4
(Aaron: What is Zaire?)

the Democratic Republic of the Congo

SamAaron
    $800 12
a Tyrannosaurus rex

Frances
    $800 19
a yo-yo

Frances
    $800 26
wavelength

Sam
    $800 8
sharkskin

Sam
    $1200 15
Sleater-Kinney

Aaron
    $1200 1
Somalia

Sam
    $1200 20
the Rosetta Stone

Sam
    $1200 23
Isadora Duncan

Aaron
    $1200 27
work

Triple Stumper
    $1200 9
signore

Aaron
    $1600 16
Joni Mitchell

Frances
    $1600 2
Algeria

Sam
    $1600 21
Guernica

Frances
    $1600 24
the Bloomsbury Group

Triple Stumper
    $2,000 28
(Sam: What is magnetic radiation?)

infrared

Sam
    $1600 10
sinew

Sam
    $2000 17
the JUNO Awards

Aaron
    $4,000 3
Mali & Malawi

Sam
    $2000 22
the Uffizi

Sam
    $2000 30
Duncan Phyfe

Triple Stumper
    $2000 29
coulomb

Triple Stumper
    $2000 11
a spinet

Sam

Scores at the end of the Double Jeopardy! Round:

Sam Aaron Frances
$19,200 $11,200 $11,000

[wagering suggestions for these scores]

Final Jeopardy! Round responses

MOVIE DIRECTORS
(Mike: [To Aaron] [*] and Mario Puzo won for The Godfather and The Godfather Part II.)
FrancesWho Mike Nichols?
$10,900
AaronWho is Francis Ford Coppolla?
$10,827
SamWho is Tarantino
$3,201
Francis Ford Coppola

Final scores:

Sam Aaron Frances
$15,999 $22,027 $100
2nd place: $2,000 New champion: $22,027 3rd place: $1,000

Game dynamics:

Coryat scores:

Sam Aaron Frances
$19,200 $11,200 $9,800
18 R
(including 1 DD),
1 W
(including 1 DD)
19 R,
1 W
12 R
(including 1 DD),
0 W

Combined Coryat: $40,200

The J! Archive is created by fans, for fans. The Jeopardy! game show and all elements thereof, including but not limited to copyright and trademark thereto, are the property of Jeopardy Productions, Inc. and are protected under law. This website is not affiliated with, sponsored by, or operated by Jeopardy Productions, Inc. Join the discussion at JBoard.tv.